000 00809nam a2200217Ii 4500
003 JO-AjNU
008 230605s9999||||xx |||||||||||||| ||und||
017 _a1994/9/983
040 _aJO-AjNU
_bara
_erda
_cJO-AjNU
041 _aara
050 1 4 _aKMM68.3.J67.1994
100 3 _a مدغمش، جمال ، م.مشارك الور، ياسر، م.مشارك دبابنة ، أيمن ,
_eauthor
_947018
245 0 0 _aمجموعة تشريعات الأراضي والمساحة وفقا لآخر التعديلات
250 _aط1
264 3 1 _aعمان : د ، ن ، 1994
300 _a630ص
336 _atext
_btxt
_2rdacontent
337 _aunmediated
_bn
_2rdamedia
338 _avolume
_bnc
_2rdacarrier
650 4 _aملكية الأراضي -- قوانين وتشريعات -- الأردن
_947019
999 _aA20496
_c24064
_d24064